The effects of television form and violent content on boy's attention and social behavior

Gespeichert in:  
Bibliographische Detailangaben
Beteiligte: Potts, R. (BeteiligteR)
Medienart: Druck Aufsatz
Sprache:Englisch
Veröffentlicht: 1986
In: Journal of experimental child psychology
Jahr: 1986, Band: 41, Heft: 1, Seiten: 1-17
Verfügbarkeit prüfen: HBZ Gateway
Schlagwörter:

MARC

LEADER 00000caa a22000002c 4500
001 1634171136
003 DE-627
005 20220608095533.0
007 tu
008 131107s1986 xx ||||| 00| ||eng c
035 |a (DE-627)1634171136 
035 |a (DE-576)395945593 
035 |a (DE-599)BSZ395945593 
040 |a DE-627  |b ger  |c DE-627  |e rakwb 
041 |a eng 
245 0 4 |a The effects of television form and violent content on boy's attention and social behavior  |c R. Potts ... 
264 1 |c 1986 
336 |a Text  |b txt  |2 rdacontent 
337 |a ohne Hilfsmittel zu benutzen  |b n  |2 rdamedia 
338 |a Band  |b nc  |2 rdacarrier 
700 1 |a Potts, R.  |4 oth 
773 0 8 |i In  |t Journal of experimental child psychology  |d Amsterdam : Elsevier, 1964  |g 41(1986), 1, Seite 1-17  |w (DE-627)129545236  |w (DE-600)218137-X  |w (DE-576)014995360  |x 0022-0965  |7 nnas 
773 1 8 |g volume:41  |g year:1986  |g number:1  |g pages:1-17 
951 |a AR 
ELC |b 1 
LOK |0 000 xxxxxcx a22 zn 4500 
LOK |0 001 3288815249 
LOK |0 003 DE-627 
LOK |0 004 1634171136 
LOK |0 005 20150310155346 
LOK |0 008 131107||||||||||||||||ger||||||| 
LOK |0 040   |a DE-21-110  |c DE-627  |d DE-21-110 
LOK |0 689   |a s  |a Mediengewalt 
LOK |0 689   |a s  |a Medienwirkung 
LOK |0 852   |z Kein Bestand am IfK; Nachweis für KrimDok 
LOK |0 852   |a DE-21-110 
LOK |0 852 1  |m v  |9 00 
LOK |0 935   |a k110 
LOK |0 938   |k v 
LOK |0 939   |a 07-11-13  |b l01 
ORI |a SA-MARC-krimdoka001.raw